| 000 | 00000nas##2200000za#4500 |
| 001 | 9.503978 |
| 003 | CaOODSP |
| 005 | 20221104105553 |
| 007 | cr ||||||||||| |
| 008 | 150406c2008||||xxc|| p o||||f| |0fre|d |
| 040 | |aCaOODSP|bfre |
| 043 | |an-cn--- |
| 086 | 1 |aR61-92F-PDF |
| 110 | 2 |aParcs Canada. |
| 245 | 10|aRapport annuel sur la recherche et la surveillance dans le parc national du Canada Wapusk |h[ressource électronique] |
| 246 | 13|aRapport annuel de la recherche et la surveillance dans le parc national du Canada Wapusk |
| 260 | |bParcs Canada |
| 310 | |aBiennal |
| 362 | 1 |a[2007-2008] - [2009-2010] |
| 775 | 08|tAnnual report of research and monitoring in Wapusk National Park |w(CaOODSP)9.507593 |